| 000 | 01047nac a22003377a 4500 | ||
|---|---|---|---|
| 001 | BR0707475 | ||
| 003 | BR-BrBNA | ||
| 005 | 20240105123529.0 | ||
| 008 | 230509b bl.|||m| |||| 00| 0 por d | ||
| 040 |
_aBR-BrBNA _bpor _cBiblioteca Nacional de Agricultura |
||
| 072 | _aF02 | ||
| 090 | _a1126 BR0707475 | ||
| 100 | 1 | _aTeixeira, J.B. | |
| 100 | 1 | _aCruz, A.R.R. | |
| 100 | 1 | _aFerreira, F.R. | |
| 100 | 1 | _aCabral, J.R.S. | |
| 110 | 1 | _aEMBRAPA Recursos Genéticos e Biotecnologia, Brasília, DF (Brasil) | |
| 245 | 1 | _aProdução de mudas de abacaxi de alta qualidade através da micropropagação | |
| 260 | 3 |
_aBrasília, DF (Brasil): _c2001. |
|
| 300 | _a26 p. | ||
| 490 |
_aDocumentos - EMBRAPA Recursos Genéticos e Biotecnologia (Brazil) _vno. 70 _xISSN 0102-0110 |
||
| 650 | _aABACAXI | ||
| 650 | _aMUDA | ||
| 650 | _aMICROPROPAGAÇÃO | ||
| 650 | _aCULTURA DE TECIDO | ||
| 650 | _aGENÓTIPO | ||
| 650 | _aINOCULAÇÃO | ||
| 650 | _aESTUFA | ||
| 909 |
_a202312 _bLúcia Elande _c55 _dLúcia Elande |
||
| 942 |
_2AGRIS _n0 _cMS |
||
| 999 |
_c295876 _d295876 |
||